Statystyki dla Państwa, które mają przynajmniej cztery "A" w nazwie

Kliknij tutaj aby rozwiązać quiz!

Ogólne statystyki

  • Ten quiz został rozwiązany 403 razy
    (345 od ostatniego zresetowania)
  • Średni wynik to 3 z 6

Statystyki odpowiedzi

Państwo% Poprawnych
Arabia Saudyjska
68%
Demokratyczna Republika Konga
53%
Madagaskar
48%
Antigua i Barbuda
47%
Republika Środkowoafrykańska
46%
Papua-Nowa Gwinea
44%

Rozkład punktacji

Percentyl według liczby udzielonych odpowiedzi

Procent ludzi z każdym wynikiem

Twoja historia wyników

Nie rozwiązałeś tego quizu od ostatniego zresetowania